| 000 | 01165nam a2200289 a 4500 | ||
|---|---|---|---|
| 001 | 64580 | ||
| 003 | BD-RjUL | ||
| 005 | 20211209081326.0 | ||
| 008 | 170216r19901954enk b 001 0 eng d | ||
| 020 | _a0198122314 | ||
| 035 | _a(BD-RjUL)64710 | ||
| 040 |
_aZQP _cZQP _dOCL _dORU _dOCL _dMYG _dBD-RjUL _beng |
||
| 041 | _aeng | ||
| 082 |
_223 _a820.909 _bLEP 1990 |
||
| 090 | _aPR411.L49 1990 | ||
| 100 | 1 |
_aLewis, C. S. _q(Clive Staples), _d1898-1963. _9191540 |
|
| 245 | 1 | 0 |
_aPoetry and prose in the sixteenth century / _cC.S. Lewis. |
| 260 |
_aOxford : _bClarendon Press ; _cc1954 [reprint 1990] |
||
| 300 |
_avi, 696 p. ; _c23 cm. |
||
| 490 | 1 |
_aThe Oxford history of English literature ; _v4 |
|
| 500 | _aReprint. Originally published: English literature in the sixteenth century excluding drama. Oxford : Clarendon Press, 1954. (The Oxford history of English literature ; 3) | ||
| 504 | _aIncludes bibliographical references and index. | ||
| 650 | 0 |
_aEnglish literature _yEarly modern, 1500-1700 _xHistory and criticism. _9185820 |
|
| 650 | 0 |
_aRenaissance _zEngland. _9191541 |
|
| 830 | 0 |
_aOxford history of English literature ; _v4. _9191545 |
|
| 942 |
_2ddc _cBK |
||
| 999 |
_c64580 _d64580 |
||